000 01073 a2200229 4500
001 25322
005 20260407155538.0
008 260407a2013 arg spa d
003 AR-UNSa-BCEJYS
040 _aAR-UNSa-BCEJYS
_bspa
_cAR-UNSa-BCEJYS
080 _a001.891.5
_xInvestigación aplicada. Experimentos. Ensayos
245 1 0 _aEstrategias para comprender y producir ensayos
_panálisis y escritura de un genéro discursivo
020 _a978-987-538-344-9
264 1 _aBuenos Aires :
_bNoveduc
_c2013
300 _a94 p.
_c28 cm.
505 _a1. El ensayo como género discursivo - 2. Lectura crítica de ensayos - 3. El ensayo literario: de una lectura no concluyente a múltiples lecturas - 4. Ensayo e identidad nacional - 5. Ensayos: para escribirlos mejor - 6. El ensayo pedagógico: una lectura
041 _aspa
942 _cBK
590 _aniveau_biblio:m niveau_hierar:0
100 1 _aMatteucci, Norma
856 4 1 _uhttps://biblioeco.unsa.edu.ar/pmb/images/libros/Estrategias para comprender y producir ensayos(2013).jpg
_yImagen de portada
_qimage/jpeg
999 _c1366
_d1366